| 000 | 00413nam a2200145Ia 4500 | ||
|---|---|---|---|
| 008 | 210716s2005 xx 000 0 und d | ||
| 020 | _a1403910294 | ||
| 041 | _aeng | ||
| 082 | _a331.8 SENR | ||
| 100 | _aSen, Ratna. | ||
| 245 |
_aIndustrial relations in india: shifting paradigms. _bShifting paradigms. |
||
| 260 |
_aNew Delhi _bMacmillan India Ltd _c2005 |
||
| 300 | _avi,507 | ||
| 650 | _aIndustrial Relations | ||
| 999 |
_c199841 _d199841 |
||